[Event "Rated Blitz game"]
[Site "?"]
[Date "2021.02.25"]
[Round "?"]
[White "Ashtangi"]
[Black "batasjon"]
[Result "1-0"]
[WhiteElo "2426"]
[BlackElo "2291"]
[PlyCount "57"]
[EventDate "2021.??.??"]
[EventType "blitz"]

1. e4 e5 2. Nf3 d5 3. Nxe5 Bd6 4. d4 dxe4 5. Nc4 Nf6 6. Nxd6+ Qxd6 7. Nc3 O-O
8. Be2 Nc6 9. Be3 Rd8 10. Qd2 a6 11. Rd1 b5 12. a3 Bb7 13. O-O Ne7 14. Bf4 Qc6
15. Bg5 e3 16. d5 Nexd5 17. fxe3 Nxc3 18. Qxd8+ Rxd8 19. Rxd8+ Ne8 20. Bf3 Ne2+
21. Kh1 Qe6 22. Bxb7 h6 23. Bd5 Qe5 24. Bxf7+ Kh7 25. Rxe8 Qxg5 26. Bg8+ Kg6
27. Re6+ Kh5 28. Bf7+ Kh4 29. Re4+ {Normal} 1-0

[Event "Rated Blitz game"]
[Site "?"]
[Date "2021.02.25"]
[Round "?"]
[White "historicodeatleta"]
[Black "GrandeGila"]
[Result "1-0"]
[WhiteElo "2389"]
[BlackElo "2411"]
[PlyCount "23"]
[EventDate "2021.??.??"]
[EventType "blitz"]

1. e4 e5 2. Nf3 d5 3. Nxe5 Bd6 4. d4 dxe4 5. Qe2 Nf6 6. Nc3 O-O 7. Bg5 Nbd7 8.
O-O-O Nxe5 9. dxe5 h6 10. Bxf6 gxf6 11. exd6 cxd6 12. Qxe4 {Normal} 1-0

[Event "Rated Blitz game"]
[Site "?"]
[Date "2021.02.25"]
[Round "?"]
[White "javirod1983"]
[Black "KamranShirazi"]
[Result "1-0"]
[WhiteElo "2366"]
[BlackElo "2511"]
[PlyCount "113"]
[EventDate "2021.??.??"]
[EventType "blitz"]

1. e4 e5 2. Nf3 d5 3. d3 dxe4 4. dxe4 Qxd1+ 5. Kxd1 Nc6 6. Bb5 Bd7 7. Nc3 O-O-O
8. Bxc6 Bxc6+ 9. Ke2 f6 10. a3 h5 11. Be3 g5 12. Rhd1 Nh6 13. Rxd8+ Kxd8 14.
Rd1+ Kc8 15. Nd5 Ng4 16. h3 Bxd5 17. Rxd5 Nxe3 18. Kxe3 c6 19. Rd3 Rh7 20. Nd2
g4 21. Ke2 Bh6 22. Nc4 Rd7 23. Nd6+ Kb8 24. Nf5 Rxd3 25. Kxd3 gxh3 26. gxh3 Bf4
27. h4 Bc1 28. Kc3 Kc7 29. Ng3 Kd6 30. Nxh5 Ke7 31. a4 Kf7 32. Ng3 Kg6 33. b3
Bf4 34. Kd3 a5 35. Ke2 b5 36. Kf3 bxa4 37. bxa4 Bc1 38. Kg4 Ba3 39. h5+ Kf7 40.
Nf5 Bc5 41. f3 Ba3 42. Nh4 Bc1 43. Nf5 Bd2 44. Nd6+ Ke7 45. Nc4 Bc3 46. Kf5 Kf7
47. Nd6+ Kg7 48. Ne8+ Kh6 49. Nxf6 Be1 50. Ng4+ Kxh5 51. Nxe5 c5 52. Nc6 Kh4
53. f4 Kg3 54. Ke5 Bd2 55. f5 Bc3+ 56. Ke6 Kf4 57. e5 {Time forfeit} 1-0

[Event "Rated Blitz tournament h8RC9GVT"]
[Site "?"]
[Date "2021.02.25"]
[Round "?"]
[White "HelloIamMarc"]
[Black "Schachelite"]
[Result "0-1"]
[WhiteElo "2272"]
[BlackElo "2438"]
[PlyCount "92"]
[EventDate "2021.??.??"]
[EventType "blitz"]

1. e4 e5 2. Nf3 d5 3. exd5 e4 4. Nd4 Qxd5 5. Nb3 Bd6 6. Nc3 Qe5 7. Qe2 Nf6 8.
d3 Bf5 9. dxe4 Nxe4 10. Nxe4 Bxe4 11. Qb5+ Nc6 12. Qxe5+ Nxe5 13. c3 O-O-O 14.
Be3 Nd3+ 15. Bxd3 Bxd3 16. O-O-O Bc4 17. Rhe1 a6 18. g3 Rhe8 19. Bd4 f6 20.
Rxe8 Rxe8 21. Be3 b6 22. Kc2 Kb7 23. a3 a5 24. Nd4 a4 25. Kc1 g6 26. Re1 c5 27.
Nc2 Kc6 28. Bd2 Rxe1+ 29. Bxe1 f5 30. Bd2 Bb3 31. Bh6 Kd5 32. Bg7 Ke4 33. Ne1
f4 34. Kd2 fxg3 35. hxg3 h5 36. f3+ Kf5 37. g4+ hxg4 38. fxg4+ Kxg4 39. Ke3 b5
40. Nd3 g5 41. Ne5+ Kf5 42. Nd3 g4 43. Ne1 Bf4+ 44. Kf2 g3+ 45. Kg2 Bd5+ 46.
Kg1 Be4 {Normal} 0-1

[Event "Rated Blitz game"]
[Site "?"]
[Date "2021.02.25"]
[Round "?"]
[White "a-D-I-b"]
[Black "Norealtrainingplayer"]
[Result "1-0"]
[WhiteElo "2463"]
[BlackElo "2475"]
[PlyCount "89"]
[EventDate "2021.??.??"]
[EventType "blitz"]

1. e4 e5 2. Nf3 d5 3. d3 Bg4 4. Be2 Nc6 5. O-O f5 6. h3 Bxf3 7. Bxf3 dxe4 8.
dxe4 Qxd1 9. Rxd1 f4 10. c3 Bd6 11. Nd2 O-O-O 12. Nc4 g5 13. g3 Nf6 14. Kg2 h5
15. Nxd6+ Rxd6 16. Rxd6 cxd6 17. gxf4 gxf4 18. Bd2 Na5 19. b3 Kd7 20. Kh2 Nc6
21. Rg1 Rh7 22. Rg6 Ke7 23. b4 Nd8 24. c4 Ne6 25. Bc3 Kf7 26. Rg1 Rg7 27. Rd1
Ng5 28. Bg2 f3 29. Bf1 Ngxe4 30. Bb2 Nxf2 31. Rxd6 Ke7 32. Bxe5 N6e4 33. Bxg7
Kxd6 34. c5+ Kd5 35. b5 Nd2 36. a4 Nxf1+ 37. Kg1 Ne3 38. Kxf2 Nc4 39. Kxf3 Nd2+
40. Kf4 Nb3 41. Kg5 Nxc5 42. Kxh5 Nxa4 43. Kg6 Nb6 44. h4 Nd7 45. h5 {Time
forfeit} 1-0

[Event "Rated Blitz game"]
[Site "?"]
[Date "2021.02.25"]
[Round "?"]
[White "samuel2900"]
[Black "tactinhos2900"]
[Result "0-1"]
[WhiteElo "2420"]
[BlackElo "2604"]
[PlyCount "96"]
[EventDate "2021.??.??"]
[EventType "blitz"]

1. e4 e5 2. Nf3 d5 3. Nxe5 Bd6 4. d4 dxe4 5. Bc4 Bxe5 6. Qh5 Qe7 7. Qxe5 Qxe5
8. dxe5 Nc6 9. Nc3 Bf5 10. Bf4 Nge7 11. Nd5 Nxd5 12. Bxd5 Nb4 13. Bb3 O-O-O 14.
a3 Nd5 15. Bg5 Rd7 16. O-O-O Be6 17. Rhe1 h6 18. Bh4 Nf4 19. Bxe6 fxe6 20. Rxd7
Kxd7 21. Rxe4 Nxg2 22. Bg3 g5 23. Kd1 Rf8 24. Ke2 h5 25. Kf1 Nf4 26. Bxf4 gxf4
27. Ke2 c5 28. Kf3 Rf5 29. c4 Kc6 30. b4 b5 31. bxc5 Kxc5 32. cxb5 Kxb5 33.
Rxf4 Rxe5 34. Re4 Rf5+ 35. Rf4 Rc5 36. Re4 Rc3+ 37. Kf4 Rxa3 38. Rxe6 Rh3 39.
Rh6 Rxh2 40. f3 a5 41. Kg5 a4 42. f4 a3 43. Rh8 a2 44. Ra8 h4 45. f5 h3 46. f6
Rg2+ 47. Kh4 h2 48. f7 h1=Q# {Normal} 0-1

[Event "Rated Blitz game"]
[Site "?"]
[Date "2021.02.25"]
[Round "?"]
[White "cosmopolit"]
[Black "blastol"]
[Result "1-0"]
[WhiteElo "2420"]
[BlackElo "2383"]
[PlyCount "77"]
[EventDate "2021.??.??"]
[EventType "blitz"]

1. e4 e5 2. Nf3 d5 3. d4 dxe4 4. Nxe5 Bd6 5. Nc4 f5 6. Nxd6+ Qxd6 7. Bc4 Nf6 8.
Nc3 Nc6 9. d5 Ne5 10. Bb5+ Bd7 11. Bxd7+ Qxd7 12. Bf4 Ng6 13. Qd2 O-O-O 14.
O-O-O Rhe8 15. Kb1 h6 16. a3 Nh5 17. Be3 Kb8 18. Qd4 b6 19. g3 Nf6 20. a4 Re5
21. h4 Nxd5 22. h5 c5 23. Qc4 Nge7 24. Bf4 Nxc3+ 25. Qxc3 Qxd1+ 26. Rxd1 Rxd1+
27. Ka2 Nd5 28. Qxe5+ Kb7 29. Qxg7+ Ka6 30. Bb8 Nb4+ 31. Kb3 Nc6 32. Be5 Ra1
33. Bc3 c4+ 34. Kxc4 Rxa4+ 35. Kb3 Ra1 36. Qc7 Kb5 37. Qd7 a5 38. Qd5+ Ka6 39.
Qxc6 {Normal} 1-0

[Event "Rated Blitz tournament h8RC9GVT"]
[Site "?"]
[Date "2021.02.25"]
[Round "?"]
[White "Leo_Mirana81"]
[Black "Schachelite"]
[Result "0-1"]
[WhiteElo "2243"]
[BlackElo "2434"]
[PlyCount "90"]
[EventDate "2021.??.??"]
[EventType "blitz"]

1. e4 e5 2. Nf3 d5 3. exd5 e4 4. Qe2 Nf6 5. Nc3 Be7 6. Ng5 O-O 7. Ngxe4 Nxd5 8.
Qd3 Nxc3 9. Qxd8 Rxd8 10. dxc3 Re8 11. Be3 f5 12. Ng3 Bd6 13. Bc4+ Kf8 14. O-O
f4 15. Bd4 fxg3 16. fxg3+ Ke7 17. Rae1+ Kd8 18. Rxe8+ Kxe8 19. Bxg7 Bg4 20. Bd3
Nc6 21. Bxh7 Kd7 22. h3 Be6 23. g4 Re8 24. Bd3 Ne5 25. Bxe5 Bxe5 26. Re1 Kd6
27. Be4 Bxa2 28. b3 Bxc3 29. Rd1+ Kc5 30. Bxb7 Re2 31. Rd5+ Kb6 32. Bc8 Rxc2
33. g5 Bxb3 34. Rd1 Rxg2+ 35. Kxg2 Bxd1 36. h4 a5 37. Bf5 a4 38. Bb1 a3 39. Kg3
Be5+ 40. Kf2 c5 41. Ke3 c4 42. Kd2 Bh5 43. Ba2 Kc5 44. Ke3 c3 45. Bb3 c2 {
Normal} 0-1

[Event "Rated Blitz game"]
[Site "?"]
[Date "2021.02.25"]
[Round "?"]
[White "hima_saber80"]
[Black "philip_simon_din"]
[Result "1-0"]
[WhiteElo "2403"]
[BlackElo "2423"]
[PlyCount "73"]
[EventDate "2021.??.??"]
[EventType "blitz"]

1. e4 e5 2. Nf3 d5 3. exd5 e4 4. Ne5 Qxd5 5. d4 exd3 6. Nxd3 Nf6 7. Nc3 Qe6+ 8.
Be2 Bd6 9. O-O O-O 10. Bf3 Nc6 11. Re1 Qf5 12. Ne4 Nxe4 13. Bxe4 Qf6 14. c3 Be6
15. Qf3 Qh4 16. g3 Qh3 17. Nf4 Ne5 18. Nxh3 Nxf3+ 19. Bxf3 Bxh3 20. Bxb7 Rae8
21. Be3 Rb8 22. Bg2 Bxg2 23. Kxg2 Rxb2 24. Bxa7 h5 25. a4 h4 26. Bd4 hxg3 27.
hxg3 c5 28. Be3 f5 29. Red1 Be7 30. a5 g5 31. Rd5 f4 32. Bxc5 f3+ 33. Kg1 Bxc5
34. Rxg5+ Kh7 35. Rxc5 Rc2 36. a6 Rd8 37. a7 {Time forfeit} 1-0

[Event "Rated Blitz tournament h8RC9GVT"]
[Site "?"]
[Date "2021.02.25"]
[Round "?"]
[White "Saparmyrat"]
[Black "dr_xStranger"]
[Result "1-0"]
[WhiteElo "2581"]
[BlackElo "2496"]
[PlyCount "117"]
[EventDate "2021.??.??"]
[EventType "blitz"]

1. e4 e5 2. Nf3 d5 3. Nxe5 Bd6 4. d4 Nf6 5. exd5 O-O 6. Nc3 Re8 7. Be2 Nbd7 8.
f4 a6 9. O-O h6 10. Bf3 Nf8 11. Be3 N6d7 12. Bf2 f6 13. Nc4 Bxf4 14. Qd3 Nb6
15. Nxb6 cxb6 16. Rae1 Bd7 17. Rxe8 Bxe8 18. Re1 Bg6 19. Be4 Bxe4 20. Qxe4 Bd6
21. Nd1 Qd7 22. c4 Rc8 23. b3 Kf7 24. h3 Re8 25. Qxe8+ Qxe8 26. Rxe8 Kxe8 27.
Kf1 Nd7 28. Ke2 Ke7 29. Nc3 f5 30. g4 g6 31. gxf5 gxf5 32. Kf3 Nf6 33. c5 bxc5
34. dxc5 Be5 35. d6+ Ke6 36. Ne2 Ne4 37. Be3 b6 38. cxb6 Bxd6 39. Bxh6 Kd7 40.
Bf4 Kc6 41. Bxd6 Nxd6 42. h4 Kxb6 43. h5 Kc5 44. h6 Nf7 45. h7 Kb4 46. Kf4 Ka3
47. Kxf5 Kxa2 48. Kg6 Ne5+ 49. Kg7 Kxb3 50. h8=Q Nc4 51. Qb8+ Kc2 52. Nd4+ Kc3
53. Nc6 a5 54. Qc7 a4 55. Na5 a3 56. Qxc4+ Kb2 57. Qb3+ Kc1 58. Qa2 Kd1 59. Kf6
{Normal} 1-0

[Event "Rated Blitz tournament FYTmCUBe"]
[Site "?"]
[Date "2021.02.25"]
[Round "?"]
[White "Zhigalko_Andrey"]
[Black "Maltinho"]
[Result "1-0"]
[WhiteElo "2639"]
[BlackElo "2475"]
[PlyCount "73"]
[EventDate "2021.??.??"]
[EventType "blitz"]

1. e4 e5 2. Nf3 d5 3. exd5 Bd6 4. d4 e4 5. Ne5 Nf6 6. Bc4 Nbd7 7. Nxd7 Qxd7 8.
Nc3 O-O 9. h3 a6 10. Be3 Qf5 11. a3 b5 12. Bb3 Bb7 13. g4 Qg6 14. Qe2 Rfe8 15.
O-O-O b4 16. axb4 Bxb4 17. Na4 Nxd5 18. Kb1 Rab8 19. h4 Bc6 20. h5 Qd6 21. Ka2
Bxa4 22. Bxa4 Nc3+ 23. bxc3 Bxc3 24. Rb1 Qd5+ 25. Rb3 Qa5 26. Qc4 Rb4 27. Rxb4
Bxb4 28. Qb3 Rb8 29. Rb1 c5 30. dxc5 h6 31. g5 hxg5 32. c3 Bxc5 33. Qxb8+ Kh7
34. Bxc5 Qxa4+ 35. Ba3 Qc2+ 36. Qb2 Qxc3 37. Qxc3 {Normal} 1-0

[Event "Rated Blitz game"]
[Site "?"]
[Date "2021.02.25"]
[Round "?"]
[White "sina_iran"]
[Black "Chesspirate_Channel"]
[Result "0-1"]
[WhiteElo "2565"]
[BlackElo "2377"]
[PlyCount "74"]
[EventDate "2021.??.??"]
[EventType "blitz"]

1. e4 e5 2. Nf3 d5 3. Nc3 dxe4 4. Nxe4 f5 5. Nc3 e4 6. Qe2 Nf6 7. d3 Bb4 8.
dxe4 fxe4 9. Qb5+ Nc6 10. Ne5 Qd4 11. Nxc6 Bxc3+ 12. bxc3 Qxc3+ 13. Bd2 Qxa1+
14. Ke2 Bg4+ 15. f3 exf3+ 16. gxf3 O-O 17. Qb3+ Kh8 18. Bc3 Bxf3+ 19. Kxf3 Qd1+
20. Kg2 Qg4+ 21. Kf2 Ne4+ 22. Ke1 Qh4+ 23. Kd1 Nf2+ 24. Kc1 Nxh1 25. Bg2 bxc6
26. Bxh1 Rf1+ 27. Kb2 Rxh1 28. Qf7 Rg8 29. Bxg7+ Rxg7 30. Qe8+ Rg8 31. Qe5+ Rg7
32. Qe8+ Rg8 33. Qe5+ Qf6 34. Qxf6+ Rg7 35. Qf8+ Rg8 36. Qf6+ Rg7 37. Qf8+ Rg8
{Time forfeit} 0-1

[Event "Rated Blitz game"]
[Site "?"]
[Date "2021.02.25"]
[Round "?"]
[White "flaggernoob"]
[Black "vovaches"]
[Result "0-1"]
[WhiteElo "2499"]
[BlackElo "2575"]
[PlyCount "120"]
[EventDate "2021.??.??"]
[EventType "blitz"]

1. e4 e5 2. Nf3 d5 3. d3 Nc6 4. Nc3 Nf6 5. Bg5 Bb4 6. a3 Bxc3+ 7. bxc3 dxe4 8.
Bxf6 Qxf6 9. dxe4 Bd7 10. Bd3 O-O-O 11. Qe2 g5 12. Nd2 g4 13. Nc4 h5 14. Ne3
Qd6 15. O-O Qc5 16. Rfb1 Qxc3 17. Nd5 Qd4 18. c3 Qc5 19. Rb5 Qd6 20. Rab1 b6
21. R5b2 Ne7 22. Bc4 Nxd5 23. Bxd5 Bc6 24. Qa6+ Kb8 25. c4 Bxd5 26. exd5 h4 27.
a4 Ka8 28. a5 Rb8 29. axb6 cxb6 30. Ra1 Rb7 31. Rb5 Rc8 32. Qa2 Kb8 33. Rab1
Qc7 34. c5 Qxc5 35. Rxc5 Rxc5 36. h3 g3 37. fxg3 hxg3 38. Qb3 Rd7 39. Qxg3
Rcxd5 40. Re1 f6 41. Rf1 R5d6 42. Qg6 e4 43. Qxe4 Rc7 44. Qf4 Rcc6 45. Rd1 Kc7
46. h4 Kd7 47. Rxd6+ Rxd6 48. h5 Rd1+ 49. Kh2 Rd5 50. Qg4+ f5 51. Qg7+ Ke6 52.
h6 f4 53. Qg6+ Ke5 54. h7 f3 55. h8=Q+ Kf4 56. Qhe8 Rh5+ 57. Qxh5 fxg2 58. Qg4+
Kxg4 59. Qe4+ Kg5 60. Qf3 g1=Q+ {Time forfeit} 0-1

[Event "Rated Blitz tournament d9DIquYR"]
[Site "?"]
[Date "2021.02.25"]
[Round "?"]
[White "Shakh_S"]
[Black "Herabi"]
[Result "0-1"]
[WhiteElo "2526"]
[BlackElo "2378"]
[PlyCount "124"]
[EventDate "2021.??.??"]
[EventType "blitz"]

1. e4 e5 2. Nf3 d5 3. exd5 e4 4. Qe2 Nf6 5. Nc3 Be7 6. Nxe4 Nxd5 7. d4 O-O 8.
Qd1 Re8 9. Be2 f5 10. Ned2 Bb4 11. O-O Nc6 12. Nc4 f4 13. h3 Qf6 14. Bd2 Bd6
15. Nxd6 cxd6 16. c4 Nde7 17. d5 Ne5 18. Nxe5 dxe5 19. Bf3 Ng6 20. Be4 Nh4 21.
Bc3 Qg5 22. Kh2 Bf5 23. Qe2 h5 24. Rg1 g6 25. Rae1 f3 26. Qe3 Qxe3 27. Rxe3
Bxe4 28. Rxe4 Nxg2 29. Rxe5 Rxe5 30. Bxe5 Re8 31. Bd4 h4 32. d6 Rd8 33. c5 b6
34. b4 Kf7 35. Rd1 Ke6 36. Bc3 bxc5 37. bxc5 Kd7 38. Rd3 Rf8 39. c6+ Kxc6 40.
d7 Rd8 41. Rxf3 Rxd7 42. Kxg2 Rd6 43. Rf6 Rxf6 44. Bxf6 Kd5 45. Bxh4 Ke5 46.
Kg3 Ke4 47. Bd8 Kf5 48. Kf3 a6 49. Bb6 Ke5 50. a4 Kf5 51. a5 Ke5 52. Kg4 Kf6
53. Kf4 Kg7 54. Kg5 Kf7 55. h4 Kg7 56. h5 Kh7 57. hxg6+ Kg7 58. Kf5 Kg8 59. Kf6
Kf8 60. g7+ Kg8 61. f3 Kh7 62. Kf7 Kh6 {Time forfeit} 0-1

[Event "Rated Blitz game"]
[Site "?"]
[Date "2021.02.25"]
[Round "?"]
[White "fonso96"]
[Black "Madhavanrmunjanattu"]
[Result "1-0"]
[WhiteElo "2424"]
[BlackElo "2342"]
[PlyCount "121"]
[EventDate "2021.??.??"]
[EventType "blitz"]

1. e4 e5 2. Nf3 d5 3. Nxe5 dxe4 4. Nc3 Nf6 5. d4 c5 6. Bb5+ Bd7 7. Nxd7 Nbxd7
8. O-O a6 9. Be2 cxd4 10. Qxd4 Bc5 11. Qd1 O-O 12. a3 Ne5 13. Kh1 Qxd1 14. Nxd1
Rfd8 15. Ne3 Nd5 16. Nxd5 Rxd5 17. Bf4 Nc6 18. c4 Rf5 19. Bg3 Nd4 20. Bg4 Rg5
21. Bh3 f5 22. b4 Be7 23. Rad1 Bf6 24. Bf4 Rh5 25. Be3 Ne6 26. Rd5 Rf8 27. f3
exf3 28. Rxf3 g6 29. Rd7 Rd8 30. Rxd8+ Nxd8 31. g4 fxg4 32. Bxg4 Re5 33. c5 h5
34. Bc8 Bg7 35. Kg2 g5 36. Bf2 a5 37. Rd3 Re8 38. Bg3 axb4 39. axb4 h4 40. Bd6
g4 41. Bxg4 Nc6 42. Bd7 Nxb4 43. Rb3 Re2+ 44. Kf3 Nc6 45. Kxe2 Nd4+ 46. Kd3
Nxb3 47. Be6+ Kh7 48. Bxb3 h3 49. Be6 Kg6 50. Bxh3 Kf6 51. Bg2 Bh6 52. Bxb7 Ke6
53. Ke4 Bg7 54. Bd5+ Kf6 55. Bg3 Ke7 56. c6 Kd8 57. Be6 Ke8 58. c7 Bf6 59.
c8=Q+ Bd8 60. Qd7+ Kf8 61. Qf7# {Normal} 1-0

[Event "Rated Blitz game"]
[Site "?"]
[Date "2021.02.25"]
[Round "?"]
[White "elpensionado"]
[Black "Monkey_King"]
[Result "0-1"]
[WhiteElo "2506"]
[BlackElo "2576"]
[PlyCount "76"]
[EventDate "2021.??.??"]
[EventType "blitz"]

1. e4 e5 2. Nf3 d5 3. exd5 e4 4. Qe2 Nf6 5. d3 Qxd5 6. Nc3 Bb4 7. dxe4 Qxe4 8.
Bd2 Qxe2+ 9. Bxe2 O-O 10. O-O-O Nc6 11. a3 Ba5 12. Bc4 Re8 13. h3 Be6 14. Bxe6
Rxe6 15. Rhe1 Rae8 16. Rxe6 Rxe6 17. Re1 Bxc3 18. Bxc3 Ne4 19. Re2 Nxc3 20.
Rxe6 fxe6 21. bxc3 h6 22. Nd4 Nxd4 23. cxd4 Kf7 24. Kd2 Kf6 25. Kd3 e5 26. Ke4
exd4 27. Kxd4 Ke6 28. f4 h5 29. g4 h4 30. c4 b6 31. c5 b5 32. c6 Kd6 33. f5
Kxc6 34. Ke5 a5 35. g5 b4 36. axb4 a4 37. Kd4 Kd6 38. f6 gxf6 {Normal} 0-1

[Event "Rated Blitz game"]
[Site "?"]
[Date "2021.02.25"]
[Round "?"]
[White "NguyenDucHoa"]
[Black "Fantastic_power06"]
[Result "0-1"]
[WhiteElo "2652"]
[BlackElo "2642"]
[PlyCount "106"]
[EventDate "2021.??.??"]
[EventType "blitz"]

1. e4 e5 2. Nf3 d5 3. Nxe5 Bd6 4. d4 dxe4 5. Qh5 Be6 6. Bg5 Nf6 7. Bxf6 Qxf6 8.
Nd2 Qf5 9. Qh4 Bxe5 10. dxe5 Qxe5 11. Qxe4 Qxe4+ 12. Nxe4 a6 13. O-O-O Nd7 14.
Ng5 Nf8 15. Be2 h6 16. Nxe6 Nxe6 17. Bf3 Rb8 18. Rd3 Ke7 19. Re1 Rhe8 20. Rb3
b6 21. Rc3 c5 22. Bd5 Red8 23. Bxe6 fxe6 24. Rg3 g5 25. h4 Rd5 26. hxg5 Rxg5
27. Rh3 Rg6 28. g3 Rf8 29. Re2 Rf3 30. Kd2 Rgf6 31. Ke1 Kd6 32. Rh4 e5 33. Rhe4
R3f5 34. Rh4 Kd5 35. Rd2+ Kc6 36. c4 Re6 37. b3 b5 38. Re2 bxc4 39. bxc4 e4 40.
Rexe4 Rd6 41. Rhf4 Rff6 42. Rxf6 Rxf6 43. f4 Rd6 44. Kf2 Rd4 45. Kf3 Rd3+ 46.
Kg4 Rd2 47. Re6+ Kd7 48. Rxh6 Rh2 49. Rh5 Rg2 50. Rd5+ Kc6 51. Re5 a5 52. Re6+
Kd7 53. Re5 Rxg3+ {Time forfeit} 0-1

[Event "Rated Blitz game"]
[Site "?"]
[Date "2021.02.25"]
[Round "?"]
[White "JarJarBeers"]
[Black "annaly1979"]
[Result "1-0"]
[WhiteElo "2417"]
[BlackElo "2348"]
[PlyCount "135"]
[EventDate "2021.??.??"]
[EventType "blitz"]

1. e4 e5 2. Nf3 d5 3. exd5 e4 4. Qe2 f5 5. d3 Nf6 6. Nfd2 Be7 7. dxe4 fxe4 8.
Nxe4 Nxe4 9. Qxe4 O-O 10. Be3 Bf6 11. Nc3 Bxc3+ 12. bxc3 Bf5 13. Qc4 Kh8 14.
Bd3 Nd7 15. Bxf5 Rxf5 16. O-O Nb6 17. Qe4 Rxd5 18. c4 Rd7 19. Qxb7 Nxc4 20. Bg5
Qc8 21. Qb5 Nd6 22. Qc6 Rf7 23. Rfe1 Rb8 24. Rad1 h6 25. Be3 a5 26. Bd4 Nf5 27.
Ba1 Kh7 28. Qe4 Rb4 29. Qd3 Kg8 30. a3 Rg4 31. Qb5 c6 32. Qxa5 Nh4 33. Rd8+
Qxd8 34. Qxd8+ Kh7 35. Qd3+ g6 36. h3 Rxg2+ 37. Kh1 Rgxf2 38. Qd8 g5 39. Qh8+
Kg6 40. Re6+ R7f6 41. Rxf6+ Rxf6 42. Qxf6+ Kh5 43. Qf7+ Ng6 44. Bg7 c5 45. a4
c4 46. a5 c3 47. a6 g4 48. Qxg6+ Kxg6 49. hxg4 Kxg7 50. a7 Kg6 51. a8=Q Kg5 52.
Qc6 Kxg4 53. Qxc3 h5 54. Qd3 h4 55. c4 h3 56. c5 h2 57. Qe4+ Kg3 58. Qe3+ Kg4
59. Qe2+ Kg3 60. Qxh2+ Kf3 61. c6 Ke4 62. c7 Kd5 63. c8=Q Kd4 64. Qd8+ Kc5 65.
Qh7 Kc4 66. Qhc7+ Kb4 67. Qdb8+ Ka4 68. Qca7# {Normal} 1-0

[Event "Rated Blitz tournament d9DIquYR"]
[Site "?"]
[Date "2021.02.25"]
[Round "?"]
[White "Shakh_S"]
[Black "Herabi"]
[Result "0-1"]
[WhiteElo "2532"]
[BlackElo "2377"]
[PlyCount "120"]
[EventDate "2021.??.??"]
[EventType "blitz"]

1. e4 e5 2. Nf3 d5 3. exd5 e4 4. Qe2 Nf6 5. Nc3 Be7 6. Nxe4 Nxd5 7. d3 O-O 8.
Bd2 Re8 9. O-O-O f5 10. Neg5 Bf6 11. Ne4 fxe4 12. dxe4 Nb6 13. Bc3 Qe7 14. e5
Bg5+ 15. Kb1 Nc6 16. Qe4 Bh6 17. h4 Qf7 18. Bd3 g6 19. h5 Bf5 20. hxg6 hxg6 21.
Qe2 Bxd3 22. Rxd3 Bg7 23. Ng5 Qf5 24. Ne4 Nxe5 25. Rg3 Nd5 26. Bd2 Nf7 27. f3
c6 28. Qf1 Rad8 29. Qc4 Nb6 30. Qb3 Qd5 31. Qe3 Rxe4 32. fxe4 Qxd2 33. Qxd2
Rxd2 34. c3 Nc4 35. b3 Na3+ 36. Kc1 Rc2+ 37. Kd1 Rxa2 38. Rxg6 Ra1+ 39. Ke2
Rxh1 40. Kf3 Ne5+ 41. Kf4 Nxg6+ 42. Kg5 Ne7 43. Kf4 b5 44. e5 Nd5+ 45. Ke4 Bxe5
46. Kxe5 Rg1 47. Kd6 Rxg2 48. Kxc6 Nxc3 49. Kc5 Rb2 50. Kb4 Nd5+ 51. Kxa3 Rc2
52. b4 Rc4 53. Kb3 Rxb4+ 54. Ka3 Kf7 55. Ka2 Ke6 56. Ka3 Ke5 57. Ka2 Kd4 58.
Ka3 Kc3 59. Ka2 Kc2 60. Ka1 Ra4# {Normal} 0-1

[Event "Rated Blitz tournament d9DIquYR"]
[Site "?"]
[Date "2021.02.25"]
[Round "?"]
[White "Kastorcito"]
[Black "giomar"]
[Result "1-0"]
[WhiteElo "2634"]
[BlackElo "2238"]
[PlyCount "91"]
[EventDate "2021.??.??"]
[EventType "blitz"]

1. e4 e5 2. Nf3 d5 3. exd5 e4 4. Qe2 Nf6 5. d3 Bb4+ 6. c3 O-O 7. dxe4 Bc5 8.
Bg5 h6 9. Bxf6 Qxf6 10. Qc2 c6 11. dxc6 Nxc6 12. Bd3 Re8 13. Nbd2 Bg4 14. h3
Bxf3 15. Nxf3 Rad8 16. O-O-O Qe6 17. Kb1 a6 18. Rhe1 b5 19. Qe2 Na5 20. b4 Bxb4
21. cxb4 Nc6 22. Qb2 Rc8 23. Bc2 Qe7 24. a3 a5 25. bxa5 Nxa5 26. Bb3 Rb8 27.
Qc3 Nc4 28. Ka2 Qxa3+ 29. Kb1 Ra8 30. Rc1 Nd6 31. e5 b4 32. Qe3 Nb5 33. Bxf7+
Kxf7 34. Qxa3 Nxa3+ 35. Kb2 Rad8 36. Rc7+ Re7 37. Rxe7+ Kxe7 38. Re2 Nc4+ 39.
Kb3 Nb6 40. Kxb4 Nd5+ 41. Kc5 Nf4 42. Ra2 Nxg2 43. Nd4 Nf4 44. Nc6+ Kd7 45.
Rd2+ Kc7 46. Nxd8 {Normal} 1-0

[Event "Rated Blitz game"]
[Site "?"]
[Date "2021.02.25"]
[Round "?"]
[White "Xakespia"]
[Black "annaly1979"]
[Result "0-1"]
[WhiteElo "2405"]
[BlackElo "2361"]
[PlyCount "76"]
[EventDate "2021.??.??"]
[EventType "blitz"]

1. e4 e5 2. Nf3 d5 3. Nxe5 Qe7 4. d4 f6 5. Nd3 Nc6 6. Be3 dxe4 7. Nf4 f5 8. Bc4
Nf6 9. O-O Qd8 10. Nc3 Bd6 11. Nb5 a6 12. Nxd6+ cxd6 13. Nd5 Na5 14. Nxf6+ Qxf6
15. Bd5 Be6 16. Bg5 Qf7 17. Bxe6 Qxe6 18. d5 Qg6 19. Qd2 Nc4 20. Qf4 O-O 21. b3
Ne5 22. c4 Rae8 23. Bh4 Nd3 24. Qg3 Qf7 25. Qxd6 h6 26. f4 exf3 27. Rxf3 Ne5
28. Rff1 Ng4 29. Bg3 g5 30. Rae1 f4 31. Re6 Rxe6 32. dxe6 Qf5 33. e7 Re8 34. h3
Ne3 35. Bxf4 Nxf1 36. Be5 Ne3 37. Kh2 Qc2 38. Qg6+ Qxg6 {Normal} 0-1

[Event "Rated Blitz game"]
[Site "?"]
[Date "2021.02.25"]
[Round "?"]
[White "Chess_Gus"]
[Black "annaly1979"]
[Result "1-0"]
[WhiteElo "2417"]
[BlackElo "2343"]
[PlyCount "49"]
[EventDate "2021.??.??"]
[EventType "blitz"]

1. e4 e5 2. Nf3 d5 3. exd5 e4 4. Ne5 Bd6 5. d4 Nf6 6. c4 b6 7. Nc3 h6 8. Be2
O-O 9. Be3 Bf5 10. g4 Bh7 11. h4 Re8 12. g5 Nfd7 13. Nc6 Nxc6 14. dxc6 Nf8 15.
gxh6 g6 16. h5 Ne6 17. hxg6 fxg6 18. Qb3 Nf4 19. c5+ Kh8 20. cxd6 Qxd6 21. Qf7
Ng2+ 22. Kd2 Re7 23. Qd5 Nxe3 24. Qxd6 cxd6 25. fxe3 {Normal} 1-0

[Event "Rated Blitz game"]
[Site "?"]
[Date "2021.02.25"]
[Round "?"]
[White "aryan_nm"]
[Black "sack11"]
[Result "0-1"]
[WhiteElo "2495"]
[BlackElo "2491"]
[PlyCount "64"]
[EventDate "2021.??.??"]
[EventType "blitz"]

1. e4 e5 2. Nf3 d5 3. Nxe5 Bd6 4. d4 dxe4 5. Nc4 Nc6 6. Nxd6+ Qxd6 7. Bb5 Nge7
8. O-O O-O 9. c3 a6 10. Be2 f5 11. Nd2 Be6 12. f3 exf3 13. Nxf3 Bd5 14. Be3 Ng6
15. c4 Be4 16. d5 Bxf3 17. Bxf3 Nce5 18. Be2 Rae8 19. c5 Qd7 20. Qb3 Qf7 21.
Bh5 Kh8 22. Rad1 f4 23. Rxf4 Qe7 24. Rxf8+ Rxf8 25. d6 cxd6 26. cxd6 Qh4 27.
Bxg6 hxg6 28. h3 Qg3 29. d7 Nf3+ 30. Kf1 Nd2+ 31. Ke2 Qxg2+ 32. Kd3 Nxb3 {
Time forfeit} 0-1

[Event "Rated Blitz tournament nUbjyXP5"]
[Site "?"]
[Date "2021.02.24"]
[Round "?"]
[White "CrniGavran"]
[Black "Kaldas90"]
[Result "1-0"]
[WhiteElo "2379"]
[BlackElo "2543"]
[PlyCount "39"]
[EventDate "2021.??.??"]
[EventType "blitz"]

1. e4 e5 2. Nf3 d5 3. exd5 Bd6 4. d4 e4 5. Ne5 Nf6 6. c4 O-O 7. Nc3 c5 8. dxc6
Nxc6 9. Nxc6 bxc6 10. Be2 Re8 11. Be3 Rb8 12. Qc2 Ng4 13. Bxg4 Bxg4 14. h3 Bh5
15. g4 Bg6 16. O-O-O Qa5 17. c5 Bf4 18. h4 Rxb2 19. Kxb2 Rb8+ 20. Ka1 {Normal}
1-0

[Event "Rated Blitz game"]
[Site "?"]
[Date "2021.02.24"]
[Round "?"]
[White "gtomov"]
[Black "Helder37"]
[Result "0-1"]
[WhiteElo "2400"]
[BlackElo "2243"]
[PlyCount "70"]
[EventDate "2021.??.??"]
[EventType "blitz"]

1. e4 e5 2. Nf3 d5 3. exd5 e4 4. Qe2 Nf6 5. d3 Qxd5 6. Nc3 Bb4 7. Bd2 Bxc3 8.
Bxc3 O-O 9. Nd2 exd3 10. Qxd3 Re8+ 11. Be2 Qxd3 12. cxd3 Nd5 13. Nf3 Nf4 14.
Ng1 Nxd3+ 15. Kf1 Nf4 16. Bf3 Bf5 17. Ne2 Bd3 18. Re1 Nc6 19. g3 Nxe2 20. Bxe2
Rxe2 21. Rxe2 Re8 22. Kg2 Bxe2 23. Re1 f6 24. f3 Kf7 25. Kf2 Bc4 26. Rd1 Bxa2
27. b3 Bxb3 28. Rb1 Bc4 29. Rxb7 Re7 30. g4 a6 31. h4 Bb5 32. h5 Ne5 33. Ba5 c6
34. Rb8 Rd7 35. Ke3 Nc4+ {Normal} 0-1